| 000 | 00971nam a2200277 i 4500 | ||
|---|---|---|---|
| 005 | 20210818182336.0 | ||
| 008 | 041016s2002 sp gr 001 edspa d | ||
| 020 | _a8479603151 | ||
| 040 |
_aCOMFC _bspa _erda |
||
| 041 | 0 | _aspa | |
| 100 | 1 |
_aCaudet, Francisco. _eaut |
|
| 245 | 1 | 3 |
_aEl parto de la modernidad : _bla novela española de los siglos XIX y XX / _cFrancisco Caudet. |
| 250 | _aPrimera edición | ||
| 264 | 0 | 1 |
_aMadrid : _bEdiciones de la Torre, _c2002. |
| 300 |
_a251 páginas ; _c22 cm. |
||
| 336 |
_2rdacontent _atxt |
||
| 337 |
_2rdamedia _an |
||
| 338 |
_2rdacarrier _anc |
||
| 500 | _aIncluye índices. | ||
| 500 | _aContiene datos biográficos del autor | ||
| 504 | _aIncluye bibliografía | ||
| 082 | 0 | 4 |
_a863.09 _bC371p |
| 650 | 0 |
_aNovela Española _xHistoria y crítica _ySiglo XIX. _924817 |
|
| 650 | 0 |
_aNovela Española _x Historia y crítica _ySiglo XX. _924817 |
|
| 942 |
_2ddc _h863.09 C371p _k863.09 _mC371p |
||
| 999 |
_c15706 _d15706 |
||